[Event "80. Ukrania Championship 2011"]
[Site "Kiev UKR"]
[Date "2011.06.17"]
[Round "7.5"]
[White "Kovchan, Alexander"]
[Black "Volokitin, Andrei"]
[Result "0-1"]
[WhiteElo "2558"]
[BlackElo "2677"]
[PlyCount "94"]
[EventDate "2011.06.10"]
[EventType "tourn"]
[EventRounds "11"]
[EventCountry "UKR"]
[EventCategory "16"]
[Source "lmi"]
[SourceDate "2011.06.10"]

1. e4 c5 2. Nf3 d6 3. d4 cxd4 4. Nxd4 Nf6 5. Nc3 a6 6. Be2 e6 7. f4 Qc7 8. O-O
Be7 9. Kh1 O-O 10. a4 b6 11. Bf3 Bb7 12. e5 dxe5 13. fxe5 Nfd7 14. Bxb7 Qxb7
15. Bf4 Nc6 16. Qf3 Rfc8 17. Rad1 Ra7 18. Qg3 Nf8 19. Ne4 Nxd4 20. Rxd4 Rxc2
21. Nf6+ Kh8 22. Bg5 Ng6 23. Ne4 h6 24. Bxe7 Qxe7 25. Nd6 Qg5 26. Rg4 Rc1 27.
Rgf4 Rxf1+ 28. Rxf1 Qxg3 29. hxg3 Nxe5 30. Nc8 Rb7 31. b4 Nc4 32. Rc1 b5 33. a5
Kh7 34. Rd1 Ne3 35. Re1 Nd5 36. Rb1 Rd7 37. Kg1 Kg6 38. Rb2 Rd8 39. Na7 Ne7 40.
Rc2 Rd4 41. Nc6 Nxc6 42. Rxc6 Rxb4 43. Rxa6 Ra4 44. Ra8 h5 45. a6 e5 46. Rb8
Rxa6 47. Rxb5 f6 0-1